Land drainage and reclamation /

Bibliographic Details
Main Author: Ayres, Quincy Claude, 1891-
Other Authors: Scoates, Daniels
Format: Book
Language:English
Published: New York : McGraw-Hill Book Co., 1939.
Edition:2nd ed.
Series:McGraw-Hill publications in agricultural engineering.
Subjects:

MARC

Tag First Indicator Second Indicator Subfields
LEADER 00000cam a2200000 a 4500
001 in00000024144
005 20151007061030.0
008 750813s1939 nyuab b 00110 eng u
010 |a  39030805  
035 |a (OCoLC)01543557 
035 |9 AAD0893AM 
040 |c TLM  |d OCL  |d TXA  |d UtOrBLW 
049 |a TXAS [tamu],  |c [118255] 
050 0 0 |a S605  |b .A8 1939 
082 1 |a 631.6 
092 |a 631.6  |b A9852 
100 1 |a Ayres, Quincy Claude,  |d 1891- 
245 1 0 |a Land drainage and reclamation /  |c by Quincy Claude Ayres and Daniels Scoates. 
250 |a 2nd ed. 
264 1 |a New York :  |b McGraw-Hill Book Co.,  |c 1939. 
300 |a xi, 496 pages :  |b illustrations, maps (some folded) ;  |c 24 cm. 
336 |a text  |b txt  |2 rdacontent 
337 |a unmediated  |b n  |2 rdamedia 
338 |a volume  |b nc  |2 rdacarrier 
490 1 |a McGraw-Hill publications in agricultural engineering 
504 |a Includes bibliographies and index. 
536 |a Sp.Coll. copy donated by Mrs. C.E. Long, Jr. 
650 0 |a Drainage. 
650 0 |a Reclamation of land. 
700 1 |a Scoates, Daniels. 
830 0 |a McGraw-Hill publications in agricultural engineering. 
999 |a MARS 
999 f f |s 1b55cd97-1e83-3701-a645-1e6ba4b1894f  |i 6a2bb992-fda2-3126-b469-a6d7d1e7cf08  |t 0 
952 f f |p noncirc  |a Texas A&M University  |b College Station  |c Cushing Memorial Library & Archives  |d Cushing: Texas A&M (Does not check out)  |t 0  |e S605 .A8 1939  |h Library of Congress classification  |i unmediated -- volume 
952 f f |p ric  |a Texas A&M University  |b Rellis Campus  |c Joint Library Facility  |d Remote Storage  |t 0  |e S605 .A8 1939  |h Library of Congress classification  |i unmediated -- volume  |m A14801067824 
998 f f |a S605 .A8 1939  |t 0  |l Cushing: Texas A&M (Does not check out) 
998 f f |a S605 .A8 1939  |t 0  |l Remote Storage